000 00496cam a2200169ua 4500
003 OSt
008 241226b |||||||| |||| 00| 0 eng d
020 _a0 273022702
041 _aeng
082 _a621.381
_bGRE/EL
100 _aGreen, D C .
_96598
245 _aElectronics ll:A text book covering the original level ll syllabus of the technical education council /
250 _a3 /
260 _aNew Delhi :
_bPrentice Hall of India Pvt Ltd. ,
_c1985.
300 _a146 ; .
942 _cBK
999 _c9011
_d9011